|
|
|
|
| LEADER |
02001nam a2200433 a 4500 |
| 001 |
000685996 |
| 003 |
CZ BrMZK |
| 005 |
20060117104924.0 |
| 007 |
ta |
| 008 |
030905s2002 xr ah f 000 0 cze d |
| 015 |
|
|
|a cnb001283138
|
| 020 |
|
|
|a 80-902487-5-6
|q (brož.)
|
| 035 |
|
|
|a (OCoLC)53861375
|
| 040 |
|
|
|a BOA001
|b cze
|
| 043 |
|
|
|a e-xr---
|b e-xr-st
|2 czenas
|
| 072 |
|
7 |
|a 520
|x Astronomické přístroje a metody
|2 Konspekt
|9 6
|
| 080 |
|
|
|a 001.89:061
|2 MRF
|
| 080 |
|
|
|a 520.2
|2 MRF
|
| 080 |
|
|
|a 52-051
|2 MRF
|
| 080 |
|
|
|a (437.312)
|2 MRF
|
| 080 |
|
|
|a (048.8)
|2 MRF
|
| 100 |
1 |
|
|a Polášek, Cyril,
|d 1943-
|7 mzk2003199424
|4 aut
|
| 245 |
1 |
0 |
|a Jednoapůlstoletý osmipalcový objektiv Alvana Clarka hvězdárny Astronomického ústavu Akademie věd České republiky v Ondřejově u Prahy :
|b historická astrooptická studie věnovaná 145. výročí vzniku objektivu v Bostonu, USA, i Clarkovu objevu podvojnosti 99Her u reverenda W.R. Dawese v Hopefieldu u Haddenhamu v Anglii a 100. výročí úmrtí jeho prvého českého majitele prof. Dr. Vojtěcha Šafaříka /
|c Cyril Polášek
|
| 260 |
|
|
|a Ondřejov :
|b Astronomický ústav Akademie věd České republiky,
|c 2002
|
| 300 |
|
|
|a 159 s. :
|b il., faksim. ;
|c 30 cm
|
| 490 |
1 |
|
|a Studia astronomica ;
|v 9
|
| 504 |
|
|
|a Obsahuje bibliografii
|
| 650 |
0 |
7 |
|a vědecké ústavy
|7 ph127379
|z Česko
|2 czenas
|
| 650 |
0 |
7 |
|a astronomické dalekohledy
|7 ph114087
|z Česko
|2 czenas
|
| 650 |
0 |
7 |
|a astronomické dalekohledy
|7 ph114087
|x dějiny
|2 czenas
|
| 650 |
0 |
7 |
|a astronomové
|7 ph118647
|z Česko
|2 czenas
|
| 655 |
|
7 |
|a studie
|7 fd133597
|2 czenas
|
| 610 |
2 |
7 |
|a Astronomický ústav (Akademie věd ČR)
|7 ko2002150690
|2 czenas
|
| 651 |
|
7 |
|a Ondřejov (Praha-východ, Česko)
|7 ge130304
|2 czenas
|
| 710 |
2 |
|
|a Astronomický ústav (Akademie věd ČR)
|7 ko2002150690
|
| 830 |
|
0 |
|a Studia astronomica
|
| 910 |
|
|
|a BOA001
|b 4-1120.633
|
| 990 |
|
|
|a BK
|
| 996 |
6 |
|
|b 2610197518
|c 4-1120.633
|l MZK
|r Sklad / do 1 hodiny
|n 0
|p p.v.
|w 000685996
|u 000010
|a 1
|e BOA001
|j MZK50
|s P
|